| Tag |
First Indicator |
Second Indicator |
Subfields |
| LEADER |
00000cam a2200000 a 4500 |
| 001 |
in00000076767 |
| 005 |
20151008053753.0 |
| 008 |
750929s1974 dcu b 00000 eng d |
| 035 |
|
|
|a (OCoLC)01661047
|
| 035 |
|
|
|9 AAH8589AM
|
| 040 |
|
|
|a Univ of Pittsburgh Lib
|c PIT
|d OCL
|d m.c.
|d TXA
|d UtOrBLW
|
| 049 |
|
|
|a TXAM
|c [1328997]
|
| 090 |
|
|
|a P41
|b .L337
|
| 245 |
0 |
0 |
|a Language in its social setting /
|c edited by William W. Gage.
|
| 264 |
|
1 |
|a Washington, D.C. :
|b Anthropological Society of Washington,
|c [1974]
|
| 264 |
|
4 |
|c ©1974
|
| 300 |
|
|
|a viii, 116 pages ;
|c 24 cm.
|
| 336 |
|
|
|a text
|b txt
|2 rdacontent
|
| 337 |
|
|
|a unmediated
|b n
|2 rdamedia
|
| 338 |
|
|
|a volume
|b nc
|2 rdacarrier
|
| 504 |
|
|
|a Includes bibliographies.
|
| 650 |
|
0 |
|a Sociolinguistics.
|
| 650 |
|
0 |
|a Language and languages.
|
| 700 |
1 |
|
|a Gage, William W.
|
| 999 |
|
|
|a MARS
|
| 999 |
f |
f |
|s 1864aed1-a0d5-3d5c-a902-ad1b572b7dc6
|i 3daad2f4-d0a7-382e-86ad-229cec884f7f
|t 0
|
| 952 |
f |
f |
|p ric
|a Texas A&M University
|b Rellis Campus
|c Joint Library Facility
|s JLF
|d Remote Storage
|t 0
|e P41 .L337
|h Library of Congress classification
|i unmediated -- volume
|m A14806171644
|
| 998 |
f |
f |
|a P41 .L337
|t 0
|l Remote Storage
|